|
|
|
|
| LEADER |
01328nam a2200313 a 4500 |
| 001 |
16485782 |
| 005 |
20130316143127.0 |
| 008 |
130316s2011 coub b 001 0 eng d |
| 010 |
|
|
|a 2010042226
|
| 020 |
|
|
|a 9780813344805 (alk. paper)
|
| 020 |
|
|
|a 0813344808 (alk. paper)
|
| 040 |
|
|
|a DLC
|c DLC
|d YDX
|d YDXCP
|d EZP
|d BWX
|d CDX
|d DLC
|d BD-DhAAL
|
| 082 |
0 |
0 |
|a 303.6/4
|2 22
|
| 100 |
1 |
|
|a DeFronzo, James.
|
| 245 |
1 |
0 |
|a Revolutions and revolutionary movements /
|c James DeFronzo.
|
| 250 |
|
|
|a 4th ed.
|
| 260 |
|
|
|a Boulder, CO :
|b Westview Press,
|c c2011.
|
| 300 |
|
|
|a xix, 499 p. :
|b maps ;
|c 23 cm.
|
| 504 |
|
|
|a Includes bibliographical references and index.
|
| 541 |
|
|
|a 00026688
|
| 650 |
|
0 |
|a Revolutions.
|
| 650 |
|
0 |
|a Social movements.
|
| 650 |
|
0 |
|a Revolutions
|v Case studies.
|
| 650 |
|
0 |
|a World politics
|y 20th century.
|
| 650 |
|
0 |
|a World politics
|y 21st century.
|
| 852 |
1 |
|
|a Ayesha Abed Library
|j General Shelf.
|
| 999 |
|
|
|c 13240
|d 13240
|
| 952 |
|
|
|0 0
|1 0
|2 ddc
|4 0
|6 303_640000000000000_DEF
|7 0
|9 22035
|a BRACUL
|b BRACUL
|c GEN
|d 2013-03-16
|e Trim Education
|g 4695.00
|l 7
|m 66
|o 303.64 DEF
|p 3010026688
|r 2025-03-09
|s 2025-02-20
|t 1
|w 2013-03-16
|y BK
|
| 952 |
|
|
|0 0
|1 0
|2 ddc
|4 0
|6 303_640000000000000_DEF
|7 0
|9 22036
|a BRACUL
|b BRACUL
|c GEN
|d 2013-03-16
|e Trim Education
|g 4695.00
|l 6
|m 32
|o 303.64 DEF
|p 3010026689
|r 2025-07-17
|s 2025-07-03
|t 2
|w 2013-03-16
|y BK
|